000 00553nam a2200193 a 4500
005 20240919063725.0
008 991125s1955 mx 000 0 spa u
035 _aUPN01000039263
049 _aCG
050 4 _aF1210
_bT6.4
100 1 _aToynbee, Arnold Joseph,
_d1889-1975
245 1 0 _aMéxico y el occidente /
_cpor Arnold Toynbee.
260 _aMéxico :
_bRobredo,
_c1955.
300 _a80 p.
440 0 _aMéxico y los mexicanos ;
_v24
651 4 _aMéxico
_xCivilización
_95406
650 4 _aCIVILIZACION OCCIDENTAL
_910787
905 _aLibro
999 _c39263
_d39263